Issues in the Design of Growth Exercises.

This paper deals with the design of quantitative exercises relating objectives for the growth of national income over the medium term to key macroeconomic policy variables. It focuses on the roles of capital formation, saving, and total factor productivity in the process of economic growth and exami...

Ful tanımlama

Detaylı Bibliyografya
Müşterek Yazar: International Monetary Fund
Materyal Türü: Dergi
Dil:English
Baskı/Yayın Bilgisi: Washington, D.C. : International Monetary Fund, 1988.
Seri Bilgileri:IMF Working Papers; Working Paper ; No. 1988/065
Online Erişim:Full text available on IMF
LEADER 01668cas a2200241 a 4500
001 AALejournalIMF010052
008 230101c9999 xx r poo 0 0eng d
020 |c 5.00 USD 
020 |z 9781451962369 
022 |a 1018-5941 
040 |a BD-DhAAL  |c BD-DhAAL 
110 2 |a International Monetary Fund. 
245 1 0 |a Issues in the Design of Growth Exercises. 
264 1 |a Washington, D.C. :  |b International Monetary Fund,  |c 1988. 
300 |a 1 online resource (32 pages) 
490 1 |a IMF Working Papers 
500 |a <strong>Off-Campus Access:</strong> No User ID or Password Required 
500 |a <strong>On-Campus Access:</strong> No User ID or Password Required 
506 |a Electronic access restricted to authorized BRAC University faculty, staff and students 
520 3 |a This paper deals with the design of quantitative exercises relating objectives for the growth of national income over the medium term to key macroeconomic policy variables. It focuses on the roles of capital formation, saving, and total factor productivity in the process of economic growth and examines the main conceptual and empirical problems involved in accounting for the growth of national income, dealing explicitly with the cost of borrowing from abroad. The paper examines the link, between fiscal and structural policies and the growth of productive capacity through the effect of those policies on productivity, saving and the cost of capital. 
538 |a Mode of access: Internet 
830 0 |a IMF Working Papers; Working Paper ;  |v No. 1988/065 
856 4 0 |z Full text available on IMF  |u http://elibrary.imf.org/view/journals/001/1988/065/001.1988.issue-065-en.xml  |z IMF e-Library